000 00318nam a2200121Ia 4500
008 210430s9999 xx 000 0 und d
082 _a660.29 N1471 B
100 _aPK NAG
_954183
245 _aBasic and Applied Thermodynamics 2nd
_cPK NAG
260 _aIndia
_bMcGraw Hill
_c2010
300 _a846p
942 _cBK
_2ddc
999 _c564662
_d564662